| 000 | 00520nam a2200169Ia 4500 | ||
|---|---|---|---|
| 005 | 20250424120334.0 | ||
| 008 | 250424s9999 xx 000 0 und d | ||
| 022 | _a13000632 | ||
| 050 | _aTK 1 .E885/ | ||
| 245 | 0 | _aTurkish journal of electrical engineering & computer sciences | |
| 260 | _aAnkara | ||
| 260 | _bTÜBİTAK, Scientific and Technological Research Council of Turkey | ||
| 260 | _c2010 | ||
| 300 | _av. , 452 p. : ill. (some col.) ; 28 cm. | ||
| 650 | _aComputer Engineering--Periodicals | ||
| 942 | _cSR | ||
| 999 |
_c38747 _d38747 |
||